[Event "Saratov Regional-ch"]
[Site "Saratov"]
[Date "2014.12.11"]
[Round "6"]
[White "Tatarinov, Andrey"]
[Black "Guliev, Gasan"]
[Result "0-1"]
[WhiteElo "1625"]
[BlackElo "2064"]
[PlyCount "50"]
[EventDate "2014.12.06"]
[EventType "swiss"]
[EventRounds "9"]
[EventCountry "RUS"]
[SourceTitle "CBM 164 Extra"]
[Source "ChessBase"]
[SourceDate "2015.03.02"]
[SourceVersion "1"]
[SourceVersionDate "2015.03.02"]
[SourceQuality "1"]

1. Nf3 Nf6 2. c4 g6 3. g3 Bg7 4. Bg2 0-0 5. 0-0 d6 6. Nc3 e5 7. d3 Nc6 8. Rb1 h6 9. b4 Be6 10. b5 Ne7 11. Nd2 Qc8 12. Re1 Bh3 13. Bh1 Ng4 14. Nb3 f5 15. e3 g5 16. Nd5 Nxd5 17. Bxd5+ Kh8 18. Qf3 e4 19. dxe4 c6 20. bxc6 bxc6 21. Bxc6 Ne5 22. Qd1 Qxc6 23. f4 Qxe4 24. Re2 Nf3+ 25. Kf2 Qxb1 0-1

[Event "Saratov Regional-ch"]
[Site "Saratov"]
[Date "2014.12.08"]
[Round "3"]
[White "Dmitriev, Igor"]
[Black "Tatarinov, Andrey"]
[Result "1-0"]
[WhiteElo "2279"]
[BlackElo "1625"]
[PlyCount "61"]
[EventDate "2014.12.06"]
[EventType "swiss"]
[EventRounds "9"]
[EventCountry "RUS"]
[SourceTitle "CBM 164 Extra"]
[Source "ChessBase"]
[SourceDate "2015.03.02"]
[SourceVersion "1"]
[SourceVersionDate "2015.03.02"]
[SourceQuality "1"]

1. e4 c5 2. b3 e6 3. Nf3 Nc6 4. Bb5 Be7 5. Bxc6 bxc6 6. d3 Nf6 7. e5 Nd5 8. c4 Nb6 9. Nc3 Bb7 10. Ne4 Qc7 11. Be3 Rb8 12. 0-0 f6 13. exf6 gxf6 14. Bxc5 d6 15. Bxd6 Bxd6 16. c5 Bxh2+ 17. Nxh2 Nd5 18. Qh5+ Ke7 19. Nd6 Rbf8 20. Rfe1 Bc8 21. Qh6 Rfg8 22. Re4 Rg6 23. Qh5 e5 24. Rxe5+ fxe5 25. Qxe5+ Be6 26. Qxh8 Nf6 27. Re1 Qa5 28. Nf3 Qxc5 29. Ne4 Qh5 30. Nxf6 Rxf6 31. Qg7+ 1-0

[Event "Saratov Shestoperov Memorial"]
[Site "Saratov"]
[Date "2013.08.20"]
[Round "9"]
[White "Abramov, Leonid"]
[Black "Tatarinov, Andrey"]
[Result "1-0"]
[WhiteElo "2165"]
[BlackElo "1757"]
[PlyCount "55"]
[EventDate "2013.08.12"]
[EventType "swiss"]
[EventRounds "9"]
[EventCountry "RUS"]
[SourceTitle "CBM 156 Extra"]
[Source "ChessBase"]
[SourceDate "2013.10.22"]
[SourceVersion "1"]
[SourceVersionDate "2013.10.22"]
[SourceQuality "1"]

1. e4 c5 2. Nf3 e6 3. Nc3 Nc6 4. Bc4 a6 5. a4 Nf6 6. Qe2 Qc7 7. d3 d6 8. Bf4 Be7 9. 0-0 Bd7 10. Rfe1 h6 11. Nd5 Qd8 12. Nxe7 Qxe7 13. c3 e5 14. Be3 g5 15. Nd2 Rg8 16. Nf1 h5 17. Qd2 Ng4 18. Ra3 Rg7 19. Bd5 0-0-0 20. b4 f5 21. exf5 Bxf5 22. b5 axb5 23. Bxc6 bxc6 24. axb5 cxb5 25. Rea1 Qf6 26. Ng3 Qg6 27. Nxf5 Qxf5 28. Ra8+ 1-0

[Event "Saratov Regional-ch"]
[Site "Saratov"]
[Date "2013.06.02"]
[Round "3"]
[White "Tatarinov, Andrey"]
[Black "Upolovnev, Vladimir"]
[Result "0-1"]
[WhiteElo "1743"]
[BlackElo "1893"]
[PlyCount "128"]
[EventDate "2013.06.01"]
[EventType "swiss"]
[EventRounds "9"]
[EventCountry "RUS"]
[SourceTitle "EXT 2014"]
[Source "ChessBase"]
[SourceDate "2013.11.20"]
[SourceVersion "1"]
[SourceVersionDate "2013.11.20"]
[SourceQuality "1"]

1. d4 Nf6 2. f4 e6 3. Nf3 Be7 4. e3 c5 5. Bd3 b6 6. Qe2 Bb7 7. Nbd2 d5 8. c3 Nbd7 9. 0-0 Ne4 10. Ne5 0-0 11. Rf3 f5 12. Rh3 Ndf6 13. Ndf3 Ng4 14. Bxe4 dxe4 15. Ng5 Bxg5 16. Nxg4 fxg4 17. Qxg4 Bf6 18. Qxe6+ Kh8 19. Qf5 h6 20. Qg6 Qe8 21. Qxe8 Raxe8 22. Bd2 Bc8 23. Rh5 cxd4 24. cxd4 Be6 25. Bb4 Rf7 26. Rc1 Rc8 27. Rxc8+ Bxc8 28. h3 g6 29. Rd5 Be6 30. Rd6 Bxa2 31. Rc6 Kg7 32. Bd6 Bd5 33. Rc8 Bb7 34. Rb8 Ba6 35. Be5 Bxe5 36. fxe5 Bc4 37. Rd8 Re7 38. Kf2 Kf7 39. Kg3 g5 40. Kg4 Kg6 41. h4 h5+ 42. Kg3 a5 43. Rf8 Bf7 44. Rb8 Re6 45. Rb7 Be8 46. Kh3 b5 47. g4 hxg4+ 48. Kxg4 gxh4 49. Rc7 Bc6 50. Kxh4 b4 51. Kg4 a4 52. Ra7 Bb5 53. Rb7 Be2+ 54. Kf4 a3 55. bxa3 bxa3 56. Rb1 Bd3 57. Rg1+ Kf7 58. d5 Ra6 59. Kf5 a2 60. e6+ Kf8 61. Ra1 Bb1 62. Ke5 Ke7 63. Kf5 Kd6 64. Kf6 Ra7 0-1

[Event "Saratov Spring Cup"]
[Site "Saratov"]
[Date "2013.03.20"]
[Round "8"]
[White "Tatarinov, Andrey"]
[Black "Vdovin, Evgeny"]
[Result "1-0"]
[WhiteElo "1736"]
[BlackElo "1696"]
[PlyCount "69"]
[EventDate "2013.03.12"]
[EventType "swiss"]
[EventRounds "9"]
[EventCountry "RUS"]
[SourceTitle "CBM 153 Extra"]
[Source "ChessBase"]
[SourceDate "2013.04.22"]
[SourceVersion "1"]
[SourceVersionDate "2013.04.22"]
[SourceQuality "1"]

1. d4 d5 2. Nf3 Nf6 3. c4 g6 4. cxd5 Nxd5 5. e4 Nb6 6. Nc3 Bg4 7. Be3 Bg7 8. Be2 0-0 9. 0-0 c6 10. Qd3 Bxf3 11. Bxf3 e6 12. Rfd1 Na6 13. a3 Nc7 14. Rac1 Qd7 15. Rd2 Rac8 16. b4 Rcd8 17. Rcd1 Qe7 18. Qf1 Nd7 19. Qc4 Nb6 20. Qb3 Nc8 21. d5 cxd5 22. Bc5 Qf6 23. Bxf8 Qxc3 24. Qxc3 Bxc3 25. Rc2 Kxf8 26. Rxc3 d4 27. Rxc7 e5 28. Be2 b6 29. Bc4 Nd6 30. Bd3 a5 31. bxa5 bxa5 32. Rc5 f6 33. Rxa5 Kg7 34. Rc1 Kh6 35. Rd5 1-0

[Event "Saratov-ch"]
[Site "Saratov"]
[Date "2013.03.02"]
[Round "6"]
[White "Protopopova, Anastasiya"]
[Black "Tatarinov, Andrey"]
[Result "1-0"]
[WhiteElo "1897"]
[BlackElo "1736"]
[PlyCount "79"]
[EventDate "2013.02.25"]
[EventType "swiss"]
[EventRounds "9"]
[EventCountry "RUS"]
[SourceTitle "CBM 153 Extra"]
[Source "ChessBase"]
[SourceDate "2013.04.22"]
[SourceVersion "1"]
[SourceVersionDate "2013.04.22"]
[SourceQuality "1"]

1. Nf3 d5 2. c4 e6 3. g3 f5 4. cxd5 exd5 5. Bg2 Nf6 6. 0-0 Bc5 7. e3 0-0 8. Nc3 c6 9. Ne2 Qe7 10. a3 Be6 11. b3 Bf7 12. Qc2 Nbd7 13. Ned4 Bg6 14. d3 Bb6 15. Bb2 Rac8 16. Nh4 Bxd4 17. Bxd4 c5 18. Bb2 b5 19. Nxg6 hxg6 20. Rad1 Nb6 21. Rfe1 c4 22. dxc4 dxc4 23. bxc4 Nxc4 24. Qb3 a6 25. a4 bxa4 26. Bxf6 Qxf6 27. Qxa4 Ne5 28. Rd4 g5 29. Red1 Qh6 30. h3 Rf6 31. Rd8+ Rxd8 32. Rxd8+ Kh7 33. Qe8 Nf7 34. Bd5 Qh5 35. Rd7 Rd6 36. Bxf7 Qd1+ 37. Kg2 g4 38. Qg8+ Kh6 39. Qh8+ Kg5 40. Qh4# 1-0

[Event "Saratov-ch"]
[Site "Saratov"]
[Date "2013.02.26"]
[Round "2"]
[White "Abramov, Leonid"]
[Black "Tatarinov, Andrey"]
[Result "1-0"]
[WhiteElo "2196"]
[BlackElo "1736"]
[PlyCount "61"]
[EventDate "2013.02.25"]
[EventType "swiss"]
[EventRounds "9"]
[EventCountry "RUS"]
[SourceTitle "CBM 153 Extra"]
[Source "ChessBase"]
[SourceDate "2013.04.22"]
[SourceVersion "1"]
[SourceVersionDate "2013.04.22"]
[SourceQuality "1"]

1. f4 d5 2. Nf3 f5 3. b3 Nf6 4. Bb2 e6 5. e3 Bd6 6. c4 0-0 7. cxd5 exd5 8. Nc3 c6 9. Be2 b6 10. 0-0 Ba6 11. Rc1 Bxe2 12. Nxe2 Qd7 13. Qc2 c5 14. Qd3 Bc7 15. Bxf6 Rxf6 16. Nc3 d4 17. Qc4+ Kh8 18. Nd5 Rc6 19. Nxc7 Rxc7 20. Ne5 Qe8 21. exd4 Nc6 22. Nf3 Rac8 23. Rfe1 Qf8 24. dxc5 Na5 25. Qe6 Rxc5 26. Rxc5 Qxc5+ 27. d4 Qf8 28. Ne5 g6 29. b4 Nb7 30. Nf7+ Kg7 31. Qd7 1-0

[Event "Saratov Autumn SSEU 4st stage"]
[Site "Saratov"]
[Date "2012.10.17"]
[Round "4.10"]
[White "Tatarinov, Andrey"]
[Black "Gagarkine, Nikolay"]
[Result "0-1"]
[WhiteElo "1667"]
[BlackElo "1957"]
[PlyCount "112"]
[EventDate "2012.10.13"]
[EventType "swiss"]
[EventRounds "5"]
[EventCountry "RUS"]
[SourceTitle "EXT 2022"]
[Source "ChessBase"]
[SourceDate "2021.10.06"]
[SourceVersion "1"]
[SourceVersionDate "2021.10.06"]
[SourceQuality "1"]

1. d4 d5 2. f4 Nf6 3. Nf3 e6 4. e3 Bd6 5. Bd3 c5 6. c3 c4 7. Bc2 b5 8. Nbd2 Bb7 9. 0-0 a5 10. Qe2 b4 11. Ne5 bxc3 12. bxc3 a4 13. e4 Qa5 14. exd5 Qxc3 15. Qxc4 Nxd5 16. Bxa4+ Ke7 17. Qxc3 Nxc3 18. Bb3 Ne2+ 19. Kh1 Nxd4 20. Bb2 Nbc6 21. Nxc6+ Nxc6 22. Nc4 Bc5 23. f5 Bd4 24. fxe6 fxe6 25. Rad1 Bxb2 26. Nxb2 Rad8 27. Nc4 Rxd1 28. Rxd1 Ba6 29. Nb6 Na5 30. Rd7+ Kf6 31. Ra7 Nxb3 32. Rxa6 Rd8 33. Kg1 Nc5 34. Ra5 Ne4 35. Kf1 Rd2 36. a4 Rf2+ 37. Kg1 Ra2 38. Kf1 g5 39. Ra7 Rf2+ 40. Kg1 Rb2 41. Nd7+ Kf5 42. h3 h5 43. a5 Rb1+ 44. Kh2 h4 45. g4+ hxg3+ 46. Kg2 Rb2+ 47. Kg1 Kf4 48. Nb6 g2 49. Nc4 Ra2 50. Rd7 e5 51. Rd5 g4 52. hxg4 Ng5 53. Nd2 Rxd2 54. Rxd2 Nf3+ 55. Kxg2 Nxd2 56. a6 Nc4 0-1

[Event "Saratov Rating SSEU"]
[Site "Saratov"]
[Date "2012.08.10"]
[Round "3.7"]
[White "Vezinitsyn, Mikhail"]
[Black "Tatarinov, Andrey"]
[Result "0-1"]
[WhiteElo "1577"]
[BlackElo "1641"]
[PlyCount "56"]
[EventDate "2012.08.08"]
[EventType "swiss"]
[EventRounds "7"]
[EventCountry "RUS"]
[SourceTitle "EXT 2022"]
[Source "ChessBase"]
[SourceDate "2021.10.06"]
[SourceVersion "1"]
[SourceVersionDate "2021.10.06"]
[SourceQuality "1"]

1. c4 e6 2. e4 c5 3. Nc3 Nc6 4. Nge2 Nf6 5. g3 Qc7 6. Bg2 Be7 7. 0-0 h5 8. a3 h4 9. Rb1 b6 10. Qa4 Bb7 11. d3 Nd4 12. Nxd4 cxd4 13. Nb5 Qc6 14. Qc2 e5 15. f4 d6 16. Nxd4 exd4 17. e5 Qxg2+ 18. Qxg2 Bxg2 19. exf6 Bxf1 20. fxg7 Rg8 21. gxh4 Bxd3 22. h5 Bxb1 23. h6 Bf5 24. Kf2 Bf6 25. Kg3 Bxg7 26. hxg7 Rxg7+ 27. Kh4 0-0-0 28. Be3 Rh8# 0-1

[Event "Saratov Spring-A"]
[Site "Saratov"]
[Date "2012.03.22"]
[Round "6"]
[White "Tatarinov, Andrey"]
[Black "Sayapin, Dmitry"]
[Result "1-0"]
[WhiteElo "1662"]
[BlackElo "1699"]
[PlyCount "37"]
[EventDate "2012.03.15"]
[EventType "tourn"]
[EventRounds "9"]
[EventCountry "RUS"]
[SourceTitle "EXT 2014"]
[Source "ChessBase"]
[SourceDate "2013.11.20"]
[SourceVersion "1"]
[SourceVersionDate "2013.11.20"]
[SourceQuality "1"]

1. d4 c5 2. e3 g6 3. f4 Bg7 4. Nf3 b6 5. c3 Bb7 6. Bd3 Nf6 7. 0-0 0-0 8. f5 d6 9. fxg6 fxg6 10. Ng5 Qd7 11. Qb3+ d5 12. Bb5 Qg4 13. Nh3 Nc6 14. Nf4 c4 15. Qc2 Ne4 16. Nd2 Rxf4 17. Rxf4 Qe2 18. Rxe4 dxe4 19. Bxc4+ 1-0

[Event "Saratov Spring-A"]
[Site "Saratov"]
[Date "2012.03.16"]
[Round "2"]
[White "Fedukin, Alexandre"]
[Black "Tatarinov, Andrey"]
[Result "1-0"]
[WhiteElo "1879"]
[BlackElo "1662"]
[PlyCount "91"]
[EventDate "2012.03.15"]
[EventType "tourn"]
[EventRounds "9"]
[EventCountry "RUS"]
[SourceTitle "EXT 2014"]
[Source "ChessBase"]
[SourceDate "2013.11.20"]
[SourceVersion "1"]
[SourceVersionDate "2013.11.20"]
[SourceQuality "1"]

1. c4 e6 2. Nf3 d5 3. g3 f5 4. Bg2 Nf6 5. 0-0 Bd6 6. d4 c6 7. Qc2 0-0 8. Nbd2 Qe7 9. Nb3 b6 10. Ne5 Bb7 11. Bg5 Qc7 12. Nd3 Na6 13. c5 bxc5 14. dxc5 Be7 15. Bf4 Qd8 16. Nd4 Qd7 17. b4 Ne4 18. f3 Bf6 19. e3 Ng5 20. a4 e5 21. Nxe5 Bxe5 22. Bxe5 Nf7 23. f4 Rae8 24. Nf3 g5 25. Bb2 Rxe3 26. Qd2 gxf4 27. gxf4 Re6 28. Qd4 Rg6 29. Kh1 Nc7 30. Rfe1 Ne6 31. Rxe6 Qxe6 32. Re1 Qf6 33. Qxf6 Rxf6 34. Bxf6 Nh6 35. Re7 Rxf6 36. Rxb7 Re6 37. Rxa7 Re4 38. b5 cxb5 39. axb5 Rc4 40. c6 Rc1+ 41. Ng1 Ng4 42. Bxd5+ Kf8 43. c7 Rc2 44. Ra2 Rxc7 45. b6 Rd7 46. b7 1-0

[Event "Saratov-ch"]
[Site "Saratov"]
[Date "2012.03.05"]
[Round "9"]
[White "Tatarinov, Andrey"]
[Black "Berezhnov, Dmitry"]
[Result "0-1"]
[WhiteElo "1671"]
[BlackElo "1880"]
[PlyCount "68"]
[EventDate "2012.02.24"]
[EventType "swiss"]
[EventRounds "9"]
[EventCountry "RUS"]
[SourceTitle "CBM 147 Extra"]
[Source "ChessBase"]
[SourceDate "2012.04.24"]
[SourceVersion "1"]
[SourceVersionDate "2012.04.24"]
[SourceQuality "1"]

1. d4 Nf6 2. f4 d5 3. Nf3 Bf5 4. e3 e6 5. Bd3 c5 6. c3 Nc6 7. 0-0 Bd6 8. Qe2 0-0 9. Ne5 Bxd3 10. Qxd3 Ne4 11. Nd2 f5 12. Ndf3 Nxe5 13. Nxe5 Bxe5 14. fxe5 c4 15. Qe2 Qg5 16. Bd2 b5 17. Rf4 Qh6 18. Raf1 g5 19. R4f3 Qg6 20. Rb1 Rac8 21. a4 Rb8 22. Ra1 a5 23. axb5 Nxd2 24. Qxd2 Rxb5 25. Rg3 g4 26. Qe2 h5 27. h4 Rfb8 28. Ra2 Kh8 29. Qc2 Rb3 30. Rxa5 Rxb2 31. Qa4 Qe8 32. Qa3 Qd8 33. Ra6 Rb1+ 34. Kh2 Qxh4+ 0-1